[Event "Treviso WE op 28th"]
[Site "Treviso"]
[Date "2004.12.05"]
[Round "3.34"]
[White "Campagnola, Davide"]
[Black "Mancin, Michele"]
[Result "0-1"]
[WhiteElo "1503"]
[BlackElo "1440"]
[PlyCount "70"]
[EventDate "2004.12.04"]
[EventType "swiss"]
[EventCountry "ITA"]
[SourceTitle "EXT 2024"]
[Source "ChessBase"]
[SourceDate "2023.10.10"]
[SourceVersion "1"]
[SourceVersionDate "2023.10.10"]
[SourceQuality "1"]

1. e4 c5 2. Nf3 d6 3. d4 cxd4 4. Nxd4 Nf6 5. Nc3 a6 6. Bd3 e6 7. 0-0 Be7 8. f4 Nc6 9. Be3 0-0 10. Qd2 Ng4 11. h3 Nxe3 12. Qxe3 Qb6 13. Nce2 Qc5 14. Rf3 Bd8 15. c3 Bb6 16. b4 Qh5 17. a4 e5 18. fxe5 dxe5 19. a5 exd4 20. cxd4 Ba7 21. e5 Nxe5 22. Qe4 Nxf3+ 23. gxf3 g6 24. Kh2 Bb8+ 25. Kg1 Qxh3 26. Nf4 Qg3+ 27. Ng2 Bh3 28. Ra2 Qh2+ 29. Kf1 Qh1+ 30. Kf2 Qxg2+ 31. Ke3 Qxa2 32. Qxb7 Re8+ 33. Be4 Qb3+ 34. Ke2 Bf4 35. Ke1 Qe3+ 0-1